LA FRONTERA TERRESTRE COLOMBO - VENEZOLANA : (Registro nro. 19655)
[ vista simple ]
| 000 -CABECERA | |
|---|---|
| Longitud fija campo de control | 00811nam a2200229 a 4500 |
| 003 - • IDENTIFICADOR DELl NÚMERO DE CONTROL | |
| Identificador del número de control | CO-ViMGA |
| 008 - • CÓDIGOS DE INFORMACIÓN DE LONGITUD FIJA | |
| Códigos de información de longitud fija | 141112s2004 ck r 000 u spa d |
| 020 ## - • NÚMERO INTERNACIONAL NORMALIZADO PARA LIBROS | |
| Número Internacional Normalizado para Libros (ISBN) | 9589028540 |
| 040 ## - FUENTE DE LA CATALOGACIÓN | |
| Centro catalogador de origen | CO-ViMGA |
| Lengua de catalogación | spa |
| Centro transcriptor | CO-ViMGA |
| 082 04 - • NÚMERO DE LA CLASIFICACIÓN DECIMAL DEWEY | |
| Número de clasificación (R) | 327.861087 L65f |
| 100 1# - • PUNTO DE ACCESO PRINCIPAL-NOMBRE DE PERSONA | |
| Nombre de persona | LONDONO PAREDES, JULIO |
| 245 10 - • TITULO PROPIAMENTE DICHO | |
| Título | LA FRONTERA TERRESTRE COLOMBO - VENEZOLANA : |
| Resto del título | EL PROCESO DE LA FIJACION DE 1492 - 1941 |
| 300 ## - • DESCRIPCIÓN FÍSICA | |
| Extensión | 498 p, mapas, 19 cm |
| 490 ## - • MENCIÓN DE SERIE | |
| Mención de serie | Coleccion Bibliografica Banco de la Republica, Historia Colombiana |
| 650 14 - • PUNTO DE ACCESO ADICIONAL DE MATERIA - TÉRMINO DE MATERIA | |
| Término de materia o nombre geográfico como elemento inicial | Colombia - limites - Venezuela |
| 650 14 - • PUNTO DE ACCESO ADICIONAL DE MATERIA - TÉRMINO DE MATERIA | |
| Término de materia o nombre geográfico como elemento inicial | conflicto fronterizo - colombo - venezolano |
| 650 14 - • PUNTO DE ACCESO ADICIONAL DE MATERIA - TÉRMINO DE MATERIA | |
| Término de materia o nombre geográfico como elemento inicial | plataforma continental |
| 650 14 - • PUNTO DE ACCESO ADICIONAL DE MATERIA - TÉRMINO DE MATERIA | |
| Término de materia o nombre geográfico como elemento inicial | Venezuela - limites - Colombia |
| 942 ## - ENTRADA DE ELEMENTOS AGREGADOS (KOHA) | |
| Fuente de clasificaión o esquema | Dewey Decimal Classification |
| Koha [por defecto] tipo de item | LIbro |
| Perdido | Fuente de clasificación o esquema | Estado Físico | No para préstamo | Forma de adquisición | Localización permanente | Localización actual | Fecha adquisición | Serie de enumeración / cronolog&íacute;a | Préstamos totales | Signatura completa | Código de barras | Fecha última consulta | Número de copia | Fecha del precio de reemplazo | Tipo de item de Koha | Localización en estanterías |
|---|---|---|---|---|---|---|---|---|---|---|---|---|---|---|---|---|
| Dewey Decimal Classification | Sala Especializada Tercer Piso | Biblioteca Pública Germán Arciniegas - Villavicencio | Biblioteca Pública Germán Arciniegas - Villavicencio | 12/04/2015 | Volumen. 1 | 11/jun/2009 | 327.861087 L65f | 00441 | 12/04/2015 | Ej. 1 | 12/04/2015 | LIbro | |||||
| Dewey Decimal Classification | Colección General | Biblioteca Pública Guamal | Biblioteca Pública Guamal | 05/22/2024 | 341.42 L65f | GUA003845 | 05/22/2024 | Ej.1 | 05/22/2024 | LIbro | General |